| 000 | 00950nam2a22002411 4500 | ||
|---|---|---|---|
| 001 | RU\NLR\A1SV\126771 | ||
| 005 | 20251203152403.2 | ||
| 035 | _a(NLR Aleph) 010447406 | ||
| 090 |
_a13490015 _c13490015 |
||
| 100 | _a20140516d1926 u y0rusy50 ca | ||
| 101 | 0 | _arus | |
| 200 | 1 |
_a...в 1924-25 год _fПредисл. В.Немчинова |
|
| 210 | _d1926 | ||
| 215 |
_aVIII, 322 с. _cтабл. |
||
| 300 | _aБез тит. л. | ||
| 461 | 1 |
_1001RU\NLR\A1SV\126770 _99913600 _cСвердловск _d1926-1928 _fУрал. обл. стат. упр. Отд. торг. статистики _nТип. "Гранит", акц. о-ва "Уралкн." _tТоварные цены Уральской области... |
|
| 702 | 1 |
_7ca _8rus _aНемчинов _bВ. С. _f1894-1964 _gВасилий Сергеевич _92703518 _3RU\NLR\AUTH\770291840 |
|
| 801 | 0 |
_aRU _bNLR _c20140516 |
|
| 852 | _aNLR | ||
| 942 | _cBOOK | ||
| 980 | _aA1SV | ||
| 980 | _aNB | ||